000 00447nam a2200181Ia 4500
001 11142
005 20260306161924.0
008 260306t1989||||xx |||||||||||||| ||spa||
041 _aESP
082 _a985.0092
_bC39
100 _aCayo Córdova, Percy
_eAUT
245 0 _aManuel J. Bustamante de la Fuente:
_bsemblanzas
260 _c1989
300 _a143 páginas :
_c20 cm.
650 _aGEN
654 _aCHU
942 _cLIB
_dJUS
_fJUS
_2ddc
_n
999 _c11142
_d11142